Managing public services : implementing change - a thoughtful approach (Record no. 101789)

MARC details
000 -LEADER
fixed length control field 00871cam a2200253 4500
008 - FIXED-LENGTH DATA ELEMENTS--GENERAL INFORMATION
fixed length control field 011127n2001 000 0 eng u
020 ## - INTERNATIONAL STANDARD BOOK NUMBER
International Standard Book Number 0415180287
035 ## - SYSTEM CONTROL NUMBER
System control number (Sirsi) u115749
050 ## - LIBRARY OF CONGRESS CALL NUMBER
Classification number 658
100 ## - MAIN ENTRY--PERSONAL NAME
Personal name Doherty, T.
245 ## - TITLE STATEMENT
Title Managing public services : implementing change - a thoughtful approach
260 ## - PUBLICATION, DISTRIBUTION, ETC.
Place of publication, distribution, etc. London
Name of publisher, distributor, etc. Routledge
Date of publication, distribution, etc. 2001
300 ## - PHYSICAL DESCRIPTION
Extent xii,,559p.
Dimensions 25cm.
350 ## - PRICE (NR) (BK AM CF MU VM SE) [OBSOLETE]
Price 24.99
520 ## - SUMMARY, ETC.
Summary, etc. Emphasises the thinking and learning skills needed by managers of service organisations in order to implement change and manage finance, information, people and resources.
650 ## - SUBJECT ADDED ENTRY--TOPICAL TERM
Topical term or geographic name entry element FINANCIAL MANAGEMENT
650 ## - SUBJECT ADDED ENTRY--TOPICAL TERM
Topical term or geographic name entry element MANAGEMENT-BUSINESS MANAGEMENT-INFORMATION MANAGEMENT
650 ## - SUBJECT ADDED ENTRY--TOPICAL TERM
Topical term or geographic name entry element PERSONNEL MANAGEMENT
650 ## - SUBJECT ADDED ENTRY--TOPICAL TERM
Topical term or geographic name entry element PUBLIC SERVICES
650 ## - SUBJECT ADDED ENTRY--TOPICAL TERM
Topical term or geographic name entry element RESOURCE MANAGEMENT
690 ## - LOCAL SUBJECT ADDED ENTRY--TOPICAL TERM (OCLC, RLIN)
Topical term or geographic name as entry element MANAGEMENT
700 ## - ADDED ENTRY--PERSONAL NAME
Personal name Horne, T.
942 ## - ADDED ENTRY ELEMENTS (KOHA)
Suppress in OPAC 0
Holdings
Withdrawn status Lost status Source of classification or shelving scheme Damaged status Not for loan Home library Current library Shelving location Date acquired Cost, normal purchase price Total Checkouts Full call number Barcode Date last seen Date last checked out Copy number Cost, replacement price Price effective from Koha item type
    Dewey Decimal Classification     London London Books 11/02/2002 21.24 11 658 DOH 30065342 06/08/2019 24/02/2005 1 21.24 06/08/2019 Book